| 000 | 01463nam0a2200349 i 4500 | ||
|---|---|---|---|
| 001 | RU\NLR\BIBL_A\010523608 | ||
| 005 | 20241104062749.0 | ||
| 010 |
_a9785000572108 _93000 |
||
| 021 |
_aRU _b2014-65475 _93994 |
||
| 035 | _a(NILC)RuMoRGB-007546781 | ||
| 035 | _a(NLR Aleph) 010523608 | ||
| 090 |
_a10224294 _c10224294 |
||
| 100 | _a20141105d2014 u y0rusy50 ca | ||
| 101 | 1 |
_arus _ceng |
|
| 102 | _aRU | ||
| 105 | _aa|||z|||001yy | ||
| 200 | 1 |
_aМеньше дел, больше жизни _eкак сделать жизнь проще и освободить время для себя _fАри Мейсел _gпер. с англ. Анны Богдановой |
|
| 210 |
_aМосква _cМанн, Иванов и Фербер _d2014 |
||
| 215 |
_a151 с. _cил. _d21 |
||
| 300 | _aЗагл. и авт. ориг.: Less doing, more living / Ari Meisel | ||
| 320 | _aУказ. сервисов и прил.: с. 119-123 | ||
| 454 | 0 |
_12001#$aLess doing, more living$fAri Meisel _1700#1$aMeisel$bA.$gAri _tLess doing, more living _aMeisel, Ari |
|
| 606 |
_aОбраз жизни _jПопулярные издания _xОптимизация _92158024 _3RU\NLR\AUTH\661298977 |
||
| 686 | 1 | _aС550.47я9 | |
| 686 | 1 | _aС550.354я9 | |
| 700 | 1 |
_aМейсел _bА. _gАри |
|
| 801 | 0 |
_aRU _bРГБ _c20140903 _gRCR |
|
| 801 | 1 |
_aRU _bРГБ _c20140903 _2rusmarc |
|
| 942 | _cBOOK | ||
| 980 | _aNBR | ||